000 00327nam a2200133Ia 4500
005 20251222153539.0
008 251222s9999||||xx |||||||||||||| ||spa||
082 _a657.92/M86/2008
100 _aMoquillaza Calderon, José G.
245 0 _aContabilidad de Sociedades I:
250 _a5ta. ed.
264 _bJCM
942 _cLIB
999 _c30395
_d30395